| 000 | 01765nam a2200457 i 4500 | ||
|---|---|---|---|
| 001 | DIGCANPIN0019 | ||
| 003 | NyNyDIG | ||
| 007 | cr ||||||||||| | ||
| 008 | 211129s2015 sp a ob 000 0 spa d | ||
| 006 | m o d | ||
| 035 | _a(OCoLC)1333930736 | ||
| 040 |
_aDGITA _beng _erda _epn _cDGITA |
||
| 020 |
_a9788416338207 _qeBook |
||
| 020 | _z9788416338177 | ||
| 050 | 1 | 4 | _aT58.64 ebook |
| 082 | 1 | 4 | _a658.4038 |
| 100 | 1 |
_aMartínez Candil, Ignacio, _eauthor. |
|
| 245 | 1 | 0 |
_aMF0987_3 : _bgestión de sistemas de información archivo / _cIgnacio Martínez Candil. |
| 246 | 3 | 0 | _aGestión de sistemas de información archivo |
| 250 | _a1a edición. | ||
| 264 | 1 |
_a[Lorquí (Murcia), Spain] : _bCano Pina, _c2015. |
|
| 300 |
_a1 online resource : _billustrations. |
||
| 336 |
_atext _btxt _2rdacontent |
||
| 337 |
_acomputer _bc _2rdamedia |
||
| 338 |
_aonline resource _bcr _2rdacarrier |
||
| 347 |
_atext file _2rdaft |
||
| 347 | _bPDF | ||
| 500 | _a"Certificado de profesionalidad: Asistencia documental y de gestión en despachos y oficinas (ADGG0308)". | ||
| 504 | _aIncludes bibliographical references. | ||
| 588 | 0 | _aOnline resource; title from PDF title page (Digitalia, viewed November 29, 2021) | |
| 650 | 0 | _aArchival materials. | |
| 650 | 0 | _aInformation resources management. | |
| 650 | 0 | _aOffice practice. | |
| 655 | 0 | _aElectronic books. | |
| 791 | 2 |
_aDigitalia (Firm), _edistributor. |
|
| 793 | 0 |
_gDigitalia eBook Collection: _aCano Pina |
|
| 776 | 0 | 8 |
_iPrint version: _aMartínez Candil, Ignacio. _tMF0987_3. _b1a edición. _d[Lorquí (Murcia), Spain] : Cano Pina, 2015 _z9788416338177 |
| 856 | 4 | 0 |
_3Digitalia Hispánica _uhttps://www.digitaliapublishing.com/a/103098/ |
| 910 | _aPremium collection: 2021 | ||
| 942 | _cRAA | ||
| 999 |
_c269341 _d269341 |
||